000 00817cam a22002531 4500
001 ne 67001462
003 DLC
005 20260227111834.0
008 810409s1965 ua 000 0 eng
010 _ane 67001462
025 _aPL480: UAR-7362
035 _a(OCoLC)7322152
040 _aDLC
_cMChB
_dMChB
_dDLC
042 _apremarc
050 0 0 _aHG3104
_b.L3
100 1 _aLambiotte, O. E.
245 1 3 _aAn outline of the Belgian credit and baking system,
_cby O. E. Lambiotte.
260 _aCairo
_b[National Bank of Egypt]
_c1965.
300 _a32 p.
_c24 cm.
490 1 _aNational Bank of Egypt. Fiftieth anniversary commemmoration lectures
650 0 _aBanks and banking
_zBelgium.
650 0 _aCredit
_zBelgium.
810 2 _aBank al-Ahlī al-Miṣrī.
_tFiftieth anniversary commemorative lectures.
999 _c49753
_d49753